| 000 | 01959nam a2200445 i 4500 | ||
|---|---|---|---|
| 001 | ebr10897650 | ||
| 003 | CaPaEBR | ||
| 006 | m o d | ||
| 007 | cr cn||||||||| | ||
| 008 | 140801t20142014caua o 001 0 eng d | ||
| 020 | _z9780833085726 | ||
| 020 | _a9780833087201 (e-book) | ||
| 040 |
_aCaPaEBR _beng _erda _epn _cCaPaEBR |
||
| 035 | _a(OCoLC)880945156 | ||
| 043 | _aaw----- | ||
| 050 | 1 | 4 |
_aBP60 _b.J664 2014eb |
| 082 | 0 | 4 |
_a320.550917671 _223 |
| 100 | 1 |
_aJones, Seth G., _eauthor. |
|
| 245 | 1 | 2 |
_aA persistent threat : _bthe evolution of al Qa'ida and other Salafi Jihadists / _cSeth G. Jones ; cover image, Oleg Zabielin. |
| 264 | 1 |
_aSanta Monica, California : _bRAND, _c2014. |
|
| 264 | 4 | _c�2014 | |
| 300 |
_a1 online resource (109 pages) : _billustrations, tables |
||
| 336 |
_atext _2rdacontent |
||
| 337 |
_acomputer _2rdamedia |
||
| 338 |
_aonline resource _2rdacarrier |
||
| 500 | _a"Prepared for the Office of the Secretary of Defense." | ||
| 500 | _a"Approved for public release; distribution unlimited." | ||
| 500 | _aIncludes index. | ||
| 588 | _aDescription based on online resource; title from PDF title page (ebrary, viewed August 1, 2014). | ||
| 590 | _aElectronic reproduction. Palo Alto, Calif. : ebrary, 2014. Available via World Wide Web. Access may be limited to ebrary affiliated libraries. | ||
| 650 | 0 |
_aIslamic fundamentalism _zMiddle East. |
|
| 650 | 0 | _aJihad. | |
| 650 | 0 | _aQaida (Organization) | |
| 655 | 0 | _aElectronic books. | |
| 710 | 2 |
_aRand Corporation, _eauthor. |
|
| 710 | 2 |
_aNational Defense Research Institute (U.S.), _eauthor. |
|
| 776 | 0 | 8 |
_iPrint version: _aJones, Seth G. _tPersistent threat : the evolution of al Qa'ida and other Salafi Jihadists. _dSanta Monica, California : RAND, c2014 _hxvi, 92 pages _z9780833085726 |
| 797 | 2 | _aebrary. | |
| 856 | 4 | 0 |
_uhttp://site.ebrary.com/lib/rucke/Doc?id=10897650 _zAn electronic book accessible through the World Wide Web; click to view |
| 999 |
_c54927 _d54927 |
||